00000000nam 2200000zi 4500
0019.915504
003CaOODSP
00520250108115210
006m     o  d f      
007cr |n|||||||||
008220916e202412  onca    ob   f000 0 eng d
020 |a9780660455242
040 |aCaOODSP|beng|erda|cCaOODSP
043 |an-cn---
0861 |aH129-134/2024E-PDF
24500|aInterim guidance : |bhealth impact assessment of designated projects under the Impact Assessment Act.
264 1|aOttawa, ON : |bHealth Canada = Santé Canada, |cDecember 2024.
264 4|c©2024
300 |a1 online resource (iv, 58 pages) : |billustrations
336 |atext|btxt|2rdacontent
337 |acomputer|bc|2rdamedia
338 |aonline resource|bcr|2rdacarrier
500 |aIssued also in French under title: Orientation provisoire : l'évaluation d'impact sur la santé de projets désignés en vertu de la Loi sur l'évaluation d'impact.
500 |a"Pub.: 240079."
504 |aIncludes bibliographical references.
650 0|aEnvironmental impact analysis|zCanada.
650 0|aHealth risk assessment|zCanada.
7101 |aCanada. |bHealth Canada, |eissuing body.
77508|tOrientation provisoire : |w(CaOODSP)9.915505
85640|qPDF|s2.68 MB|uhttps://publications.gc.ca/collections/collection_2025/sc-hc/H129-134-2024-eng.pdf